000
00217nam a22000857a 4500
999
_c
11552
_d
11552
008
190618b ||||| |||| 00| 0 eng d
100
_a
Bernesstian J.S
_9
7261
245
_a
Bernestains
260
_a
U S A
_b
Randow House
_c
1997